Costa Rica contemporánea. Capítulo 6
Sparad:
| Huvudupphovsman: | |
|---|---|
| Materialtyp: | Text |
| Publicerad: |
San José:
Editorial Costa Rica
|
| Taggar: |
Lägg till en tagg
Inga taggar, Lägg till första taggen!
|
MARC
| LEADER | 00000 a a2200000 04500 | ||
|---|---|---|---|
| 001 | 25942 | ||
| 003 | |||
| 040 | |||
| 090 | |a 174406 | ||
| 100 | |a Zelaya Goodman, Chester | ||
| 245 | |a Costa Rica contemporánea. Capítulo 6 | ||
| 260 | |a San José: |b Editorial Costa Rica | ||
| 300 | |a 313 p. | ||
| 999 | |c 5392 |d 5392 | ||
